Frailty Models in Survival Analysis (Record no. 18433)

MARC details
000 -LEADER
fixed length control field 00460nam a22001577a 4500
008 - FIXED-LENGTH DATA ELEMENTS--GENERAL INFORMATION
fixed length control field 200807b xxu||||| |||| 00| 0 eng d
020 ## - INTERNATIONAL STANDARD BOOK NUMBER
International Standard Book Number 1420073881
050 ## - LIBRARY OF CONGRESS CALL NUMBER
Classification number QA280
Item number .W54 2011 c.1
100 ## - MAIN ENTRY--PERSONAL NAME
Personal name Wienke, Andreas
245 ## - TITLE STATEMENT
Title Frailty Models in Survival Analysis
Statement of responsibility, etc. Andreas Wienke
260 ## - PUBLICATION, DISTRIBUTION, ETC. (IMPRINT)
Place of publication, distribution, etc. London
Name of publisher, distributor, etc. CRC Press
Date of publication, distribution, etc. 2011
300 ## - PHYSICAL DESCRIPTION
Extent xxi, 301p.
650 ## - SUBJECT ADDED ENTRY--TOPICAL TERM
Topical term or geographic name as entry element Failure time data analysis
Form subdivision mathematics
650 ## - SUBJECT ADDED ENTRY--TOPICAL TERM
Topical term or geographic name as entry element Survival analysis
942 ## - ADDED ENTRY ELEMENTS (KOHA)
Source of classification or shelving scheme Library of Congress Classification
Koha item type General Collection
Holdings
Withdrawn status Lost status Source of classification or shelving scheme Not for loan Home library Current library Date acquired Cost, normal purchase price Total Checkouts Full call number Barcode Date last seen Price effective from Koha item type
    Library of Congress Classification   Kabarak, Main Campus Kabarak, Main Campus 07/08/2020 10604.00   QA280 .W54 2011 c.1 028847 07/08/2020 07/08/2020 General Collection
    Library of Congress Classification   Kabarak, Main Campus Kabarak, Main Campus 07/08/2020 10604.00   QA280 .W54 2011 c.2 028848 07/08/2020 07/08/2020 General Collection
    Library of Congress Classification   Kabarak, Nakuru City Campus Kabarak, Nakuru City Campus 07/08/2020 10604.00   QA280 .W54 2011 c.1 028849 07/08/2020 07/08/2020 General Collection
Designed with assistance from East African Informatics Ltd